000 02376nam0a2200373 i 4500
001 RU\NLR\BIBL_A\010753593
005 20241103082237.0
010 _a9785721205729
_9100
021 _aRU
_b2015-22696
_91351
035 _a(NILC)RuMoRGB-007897288
035 _a(NLR Aleph) 010753593
090 _a9951838
_c9951838
100 _a20150515d2013 km y0rusy50 ca
101 0 _arus
102 _aRU
105 _aa|||j|||000yy
200 1 _aСоциальное партнерство как технология инновационного менеджмента в образовании
_eиз опыта работы стажировочной базовой площадки МБОУ гимназия № 117
_eучебное пособие
_fО. Г. Тринитатская, С.Ф. Хлебунова, Е.А. Чекунова [и др.]
_gнауч. ред.: д.п.н., проф. С. Ф. Хлебунова
_gГос. бюджетное образовательное учреждение доп. проф. образования Ростовской обл. "Ростовский ин-т повышения квалификации и проф. переподготовки работников образования", Федеральная целевая программа развития образования на 2011-2015 годы
210 _aРостов-на-Дону
_cИзд-во ГБОУ ДПО РО РИПК и ППРО
_d2013
215 _a387 с.
_cил.
_d20
320 _aБиблиогр. в конце параграфов
606 _aОбразование
_jУчебные издания
_xСоциальное партнерство
_92221909
_3RU\NLR\AUTH\661334124
606 1 _aОбразовательные учреждения
_jУчебные издания
_xУправление
_xУчастие общественности
_92601977
_3RU\NLR\AUTH\661538535
686 1 _aС550.55я7
686 1 _aС550.74я7
686 1 _aЧ34(2Р)к.я7
686 1 _aЧ315.3я7
701 1 _aТринитатская
_bО. Г.
_gОльга Гавриловна
701 1 _aХлебунова
_bС. Ф.
_gСарра Федоровна
_4070
_4340
701 1 _aЧекунова
_bЕ. А.
_gЕлена Анатольевна
801 0 _aRU
_bРГБ
_c20150326
_gRCR
942 _cBOOK
980 _aNBR